[Event "AUTO-ELITE-204"]
[Site "http://www.queenalice.com/game.php?id=442941"]
[Date "2008.8.3"]
[Round "1"]
[White "Vampyr"]
[Black "mole"]
[Result "0-1"]
[WhiteElo "2146"]
[BlackElo "2259"]

1. e4 c5 2. Nf3 Nc6 3. d4 cxd4 4. Nxd4 Nf6 5. Nc3 e5 6. Ndb5 d6 7. Bg5 a6 8. Na3
b5 9. Bxf6 gxf6 10. Nd5 f5 11. c3 Bg7 12. exf5 Bxf5 13. Nc2 Ne7 14. Nce3 Be6 15.
g3 Nxd5 16. Nxd5 O-O 17. Bg2 f5 18. O-O Ra7 19. a4 Qe8 20. axb5 Qxb5 21. Qd2 e4
22. Nf4 Bc4 23. Rfd1 Be5 24. b4 a5 25. bxa5 Rxa5 26. Rab1 Qd7 27. Rb4 Rc8 28.
Nh5 Qf7 29. Qg5+ Qg6 30. Qh4 Be2 0-1

[Event "AUTO-OPEN-945"]
[Site "http://www.queenalice.com/game.php?id=486505"]
[Date "2008.11.1"]
[Round "3"]
[White "animis"]
[Black "Vampyr"]
[Result "0-1"]
[WhiteElo "1928"]
[BlackElo "2049"]

1. e4 c5 2. Nf3 d6 3. d4 cxd4 4. Nxd4 Nf6 5. Nc3 a6 6. Be2 e5 7. Nf3 h6 8. O-O
Be7 9. h3 Be6 10. Be3 Nbd7 11. Qd2 Rc8 12. a3 O-O 13. Rad1 b5 14. Qc1 Qc7 15.
Rd2 Nc5 16. Bd3 Rfd8 17. Rfd1 Qc6 18. Re2 Nfxe4 19. Nxe4 Nxe4 20. Bxh6 Nc5 21.
Bg5 Nxd3 22. Rxd3 Bxg5 23. Nxg5 Bc4 24. Rc3 Qd7 25. Ree3 f6 26. Ne4 d5 27. Nxf6+
gxf6 28. Rg3+ Kf7 29. Qh6 Ke6 30. Rg6 Rf8 31. Rf3 Qe7 32. Rg7 Rf7 33. Rfg3 Rcf8
34. Rxf7 Rxf7 35. Qe3 d4 36. Qd2 Rg7 37. Rxg7 Qxg7 38. Qa5 Qb7 39. f3 Qa7 40.
Kh2 f5 41. Qd8 Qd7 42. Qg8+ Kd6 43. Qg6+ Qe6 44. Qg5 e4 45. Qd8+ Kc5 46. Qc7+
Qc6 47. b4+ Kd5 48. Qf7+ Qe6 49. Qb7+ Ke5 50. Qc7+ Kf6 51. Qd8+ Kg6 52. f4 e3
53. Qg5+ Kf7 54. Qh5+ Qg6 55. Qf3 e2 0-1

[Event "AUTO-OPEN-945"]
[Site "http://www.queenalice.com/game.php?id=486506"]
[Date "2008.11.1"]
[Round "3"]
[White "Vampyr"]
[Black "animis"]
[Result "1-0"]
[WhiteElo "2121"]
[BlackElo "1995"]

1. e4 c5 2. Nf3 d6 3. d4 cxd4 4. Nxd4 Nf6 5. Nc3 a6 6. Bg5 e6 7. f4 Be7 8. Qf3
O-O 9. O-O-O Nbd7 10. h4 Qc7 11. g4 b5 12. Bd3 Bb7 13. h5 h6 14. Bh4 Rfc8 15. g5
hxg5 16. fxg5 Nh7 17. g6 Nhf6 18. gxf7+ Kxf7 19. Rdg1 Ne5 20. Qh3 Qd7 21. Nxe6
Qxe6 22. Rxg7+ 1-0

[Event "AUTO-OPEN-945"]
[Site "http://www.queenalice.com/game.php?id=486509"]
[Date "2008.11.1"]
[Round "3"]
[White "Vampyr"]
[Black "Bebeto"]
[Result "1/2-1/2"]
[WhiteElo "2133"]
[BlackElo "2213"]

1. e4 e5 2. Nf3 Nc6 3. Bc4 Nd4 4. Nxd4 exd4 5. c3 Nf6 6. e5 d5 7. Bb3 Ne4 8.
cxd4 Ng5 9. Nc3 c6 10. d3 Ne6 11. Be3 Be7 12. O-O O-O 13. f4 f6 14. f5 Nc7 15.
Qf3 fxe5 16. dxe5 Bxf5 17. Qg3 Kh8 18. d4 Ne6 19. h3 Bh4 20. Qh2 Bg5 21. Bf2 a5
22. Bd1 Qe8 23. a4 Bd3 24. Re1 Qf7 25. Bf3 Bc4 1/2-1/2

[Event "AUTO-OPEN-945"]
[Site "http://www.queenalice.com/game.php?id=486510"]
[Date "2008.11.1"]
[Round "3"]
[White "Bebeto"]
[Black "Vampyr"]
[Result "1/2-1/2"]
[WhiteElo "2211"]
[BlackElo "2135"]

1. e4 c5 2. Nf3 d6 3. d4 cxd4 4. Nxd4 Nf6 5. Nc3 a6 6. Be2 e5 7. Nb3 Be7 8. Bg5
Be6 9. Bxf6 Bxf6 10. O-O Be7 11. Nd5 Nc6 12. Re1 O-O 13. c3 b5 14. a3 f5 15. Bf3
f4 16. Nc1 Na5 17. b3 Rc8 18. c4 bxc4 19. bxc4 Nxc4 20. Nd3 Nb6 21. N3b4 a5 22.
Nxb6 Qxb6 23. Nd5 Qd8 24. Rc1 Rxc1 25. Qxc1 Bxd5 26. exd5 Qc8 27. Be2 Qb7 28. a4
Rc8 29. Qd2 Rc5 30. Rd1 Bf6 31. Bb5 g5 32. Qd3 Qc8 33. Bc6 Kg7 34. f3 h5 35. h3
1/2-1/2

[Event "AUTO-MASTER-560"]
[Site "http://www.queenalice.com/game.php?id=503307"]
[Date "2008.12.5"]
[Round "2"]
[White "iggis"]
[Black "Vampyr"]
[Result "1-0"]
[WhiteElo "2272"]
[BlackElo "2108"]

1. e4 c5 2. Nf3 d6 3. d4 cxd4 4. Nxd4 Nf6 5. Nc3 a6 6. a4 g6 7. Be2 Bg7 8. O-O
O-O 9. Be3 Nc6 10. Qd2 Bd7 11. f3 Rc8 12. Nxc6 Bxc6 13. a5 Nd7 14. Bd4 Bxd4+ 15.
Qxd4 Qc7 16. f4 Nc5 17. Bg4 Bd7 18. Nd5 Qd8 19. f5 f6 20. b4 Na4 21. c4 Kg7 22.
Bd1 Qe8 23. Rf3 1-0

[Event "AUTO-MASTER-560"]
[Site "http://www.queenalice.com/game.php?id=503308"]
[Date "2008.12.5"]
[Round "2"]
[White "Vampyr"]
[Black "iggis"]
[Result "0-1"]
[WhiteElo "2045"]
[BlackElo "2305"]

1. e4 c5 2. Nf3 d6 3. d4 cxd4 4. Nxd4 Nf6 5. Nc3 a6 6. Bg5 Nbd7 7. f4 e6 8. Qf3
Qc7 9. O-O-O b5 10. Bd3 b4 11. Nce2 Bb7 12. Rhe1 Rc8 13. g4 g6 14. Bxf6 Nxf6 15.
Kb1 Bg7 16. h4 h5 17. g5 Ng4 18. Rc1 Qb6 19. Nb3 a5 20. Qg3 a4 21. Nd2 a3 22.
bxa3 bxa3+ 23. Nb3 O-O 24. f5 Be5 25. Qh3 Nf2 26. Qf3 exf5 0-1

[Event "AUTO-MASTER-560"]
[Site "http://www.queenalice.com/game.php?id=503311"]
[Date "2008.12.5"]
[Round "2"]
[White "arauca"]
[Black "Vampyr"]
[Result "1-0"]
[WhiteElo "2192"]
[BlackElo "2101"]

1. e4 c5 2. Nf3 d6 3. d4 cxd4 4. Nxd4 Nf6 5. Nc3 a6 6. Be3 e5 7. Nb3 Be7 8. f3
Be6 9. g4 Nbd7 10. Qd2 O-O 11. g5 Ne8 12. O-O-O b5 13. h4 b4 14. Nd5 Bxd5 15.
exd5 a5 16. Kb1 f5 17. gxf6 Nexf6 18. Bh3 a4 19. Be6+ Kh8 20. Nc1 Qb8 21. Rdg1
Qb7 22. h5 1-0

[Event "AUTO-MASTER-560"]
[Site "http://www.queenalice.com/game.php?id=503313"]
[Date "2008.12.5"]
[Round "2"]
[White "bacana"]
[Black "Vampyr"]
[Result "1/2-1/2"]
[WhiteElo "2038"]
[BlackElo "2071"]

1. Nf3 d5 2. g3 Nf6 3. Bg2 e6 4. d3 Be7 5. O-O O-O 6. Nbd2 Nbd7 7. Re1 b6 8. e4
Bb7 9. e5 Ne8 10. d4 c5 11. c3 Nc7 12. Nf1 f6 13. exf6 Nxf6 14. Bg5 h6 15. Bd2
Qd6 16. Bf4 Qd7 17. Bxc7 Qxc7 18. Rxe6 Bd6 19. dxc5 Bxc5 20. Re1 Ng4 21. Re2
Rae8 22. Nd4 Rxe2 23. Qxe2 Bxd4 24. cxd4 Nxf2 25. Qe6+ Kh8 26. Ne3 Ne4 27. Nxd5
Bxd5 28. Qxd5 Nf6 29. Qc6 Qxc6 30. Bxc6 Rd8 31. Rd1 Kg8 32. b4 Kf7 33. h3 Nd5
34. b5 Nc3 35. Rd2 Rxd4 36. Rc2 Na4 37. Kf2 Nc5 38. h4 Ke7 39. Re2+ Kd6 40. h5
Ne6 41. Rc2 Ng5 42. Ke3 Rg4 43. Kf2 Ne6 44. Rd2+ Rd4 45. Re2 Ng5 46. Kg2 Nf7 47.
Be8 Ne5 48. Rc2 Re4 49. Kh3 Nf3 50. Bc6 Ng5+ 51. Kg2 Rd4 52. Be8 Rd3 53. Bg6 Rd5
54. a4 Ne6 55. Rc6+ Ke5 56. Rc2 Nc5 57. Ra2 Rd4 58. a5 bxa5 59. Rxa5 Ra4 60.
Rxa4 Nxa4 61. Kf3 Nc3 62. Be8 Nd5 1/2-1/2

[Event "AUTO-MASTER-560"]
[Site "http://www.queenalice.com/game.php?id=503314"]
[Date "2008.12.5"]
[Round "2"]
[White "Vampyr"]
[Black "bacana"]
[Result "1/2-1/2"]
[WhiteElo "2049"]
[BlackElo "2047"]

1. e4 c5 2. Nf3 d6 3. d4 cxd4 4. Nxd4 Nf6 5. Nc3 a6 6. Bg5 e6 7. f4 Qb6 8. Qd2
Qxb2 9. Nb3 Qa3 10. Bxf6 gxf6 11. Be2 h5 12. O-O Nc6 13. Rf3 h4 14. Rd1 Be7 15.
Rh3 Qb4 16. Kh1 Bd7 17. Bf3 Rc8 18. g3 f5 19. exf5 exf5 20. a3 Qxa3 21. Nd5 Qb2
22. Nxe7 Nxe7 23. Qxd6 Be6 24. Bxb7 Qxc2 25. Bxc8 Qe4+ 26. Kg1 Qe3+ 27. Kh1 Qf3+
1/2-1/2

[Event "AUTO-MASTER-575"]
[Site "http://www.queenalice.com/game.php?id=504933"]
[Date "2008.12.9"]
[Round "2"]
[White "Alexandrovinsk"]
[Black "Vampyr"]
[Result "1-0"]
[WhiteElo "2081"]
[BlackElo "2060"]

1. e4 c5 2. Nf3 d6 3. Bc4 Nf6 4. d3 a6 5. a4 Nc6 6. O-O g6 7. Bg5 Bg7 8. h3 O-O
9. c3 Bd7 10. Nbd2 Rc8 11. Bb3 h6 12. Bh4 b5 13. axb5 axb5 14. d4 c4 15. Bc2 e5
16. d5 Ne7 17. Qe2 Ra8 18. Nh2 g5 19. Bg3 Ng6 20. f3 Nh5 21. Bf2 Ngf4 22. Qe3
Qc8 23. Ng4 f5 24. Nh2 Qc5 25. Qxc5 Ne2+ 26. Kh1 dxc5 27. Rfe1 Nhg3+ 28. Bxg3
Nxg3+ 29. Kg1 f4 30. Nhf1 Nxf1 31. Rxf1 Kf7 32. Kf2 Ke7 33. Ke2 h5 34. b3 cxb3
35. Nxb3 Kd6 36. Ra5 c4 37. Rfa1 Rxa5 38. Nxa5 Ra8 39. Nb7+ 1-0

[Event "AUTO-MASTER-575"]
[Site "http://www.queenalice.com/game.php?id=504934"]
[Date "2008.12.9"]
[Round "2"]
[White "Vampyr"]
[Black "casefoncz"]
[Result "0-1"]
[WhiteElo "2072"]
[BlackElo "2197"]

1. e4 e6 2. d4 d5 3. Nc3 Bb4 4. e5 Ne7 5. Qg4 c5 6. a3 Ba5 7. dxc5 Bxc3+ 8. bxc3
Ng6 9. Nf3 Nd7 10. Bd3 Qc7 11. Be3 Nxc5 12. Bb5+ Bd7 13. Bxd7+ Nxd7 0-1

[Event "AUTO-MASTER-575"]
[Site "http://www.queenalice.com/game.php?id=504935"]
[Date "2008.12.9"]
[Round "2"]
[White "casefoncz"]
[Black "Vampyr"]
[Result "1-0"]
[WhiteElo "2188"]
[BlackElo "2084"]

1. e4 c5 2. Nf3 d6 3. Bb5+ Bd7 4. Bxd7+ Qxd7 5. c4 Nc6 6. Nc3 Nf6 7. d4 cxd4 8.
Nxd4 g6 9. f3 Bg7 10. Nde2 O-O 11. O-O Rac8 12. Be3 Ne5 13. b3 a6 14. Qd2 b5 15.
Nd5 bxc4 16. Nb6 Qc7 17. Nxc8 Rxc8 18. Rac1 Qd7 19. Bd4 cxb3 20. Bxe5 Rxc1 21.
Rxc1 1-0

[Event "AUTO-OPEN-1187"]
[Site "http://www.queenalice.com/game.php?id=515029"]
[Date "2008.12.31"]
[Round "2"]
[White "paulove"]
[Black "Vampyr"]
[Result "0-1"]
[WhiteElo "1813"]
[BlackElo "2070"]

1. b4 e6 2. Bb2 Nf6 3. b5 c5 4. a4 d5 5. e3 a6 6. Nc3 Bd7 7. Nf3 Bd6 8. Be2 O-O
9. O-O b6 10. d4 c4 11. h3 Qe7 12. bxa6 Nxa6 13. Nb5 Bxb5 14. axb5 Nc7 15. Ne5
Nxb5 16. Rxa8 Rxa8 17. Qd2 Nc7 18. Ra1 Rxa1+ 19. Bxa1 Ne4 20. Qc1 Bxe5 21. dxe5
b5 22. Bd4 h6 23. Bf3 Qb4 24. Bxe4 dxe4 25. c3 Qa5 26. Qb2 Nd5 27. Kh2 b4 28.
cxb4 Qxb4 29. Qxb4 Nxb4 30. f3 exf3 31. gxf3 Na2 32. Kg2 c3 33. Kf2 c2 34. Bb2
c1=Q 35. Bxc1 Nxc1 36. f4 g6 37. e4 Kf8 38. Ke3 Nb3 39. f5 g5 40. Kd3 h5 41. Ke3
Ke7 0-1

[Event "AUTO-OPEN-1187"]
[Site "http://www.queenalice.com/game.php?id=515030"]
[Date "2008.12.31"]
[Round "2"]
[White "Vampyr"]
[Black "paulove"]
[Result "1-0"]
[WhiteElo "2039"]
[BlackElo "1908"]

1. e4 c5 2. Nf3 d6 3. d4 b6 4. Nc3 e6 5. Be3 cxd4 6. Nxd4 Bb7 7. Be2 Nc6 8. Qd2
Nf6 9. O-O-O Be7 10. f3 Nxd4 11. Bxd4 O-O 12. g4 e5 13. Be3 d5 14. exd5 Bd6 15.
Bg5 h6 16. Be3 Nh7 17. h4 f5 18. gxf5 Rxf5 19. Rdg1 Kh8 20. Bd3 Rxf3 21. Rxg7
Kxg7 22. Qg2+ Kh8 23. Qxf3 Qf6 24. Qe4 Nf8 25. Rf1 Qg6 26. Rxf8+ 1-0

[Event "AUTO-OPEN-1211"]
[Site "http://www.queenalice.com/game.php?id=519885"]
[Date "2009.1.9"]
[Round "2"]
[White "markus765432"]
[Black "Vampyr"]
[Result "1-0"]
[WhiteElo "2118"]
[BlackElo "2076"]

1. d4 d5 2. c4 c6 3. e3 Nf6 4. Nf3 Bf5 5. Bd3 Bxd3 6. Qxd3 e6 7. O-O Bd6 8. Nbd2
Nbd7 9. b3 O-O 10. Bb2 a6 11. e4 dxe4 12. Nxe4 Nxe4 13. Qxe4 Nf6 14. Qh4 h6 15.
Rad1 Nh7 16. Rfe1 Qxh4 17. Nxh4 g5 18. Nf3 Rad8 19. Ne5 Bxe5 20. dxe5 Rfe8 21.
Kf1 Kg7 22. Ke2 Nf8 23. Ba3 Ng6 24. Bd6 Rd7 25. Rd2 Red8 26. Red1 Nf4+ 27. Kf3
Ng6 28. Ke4 f5+ 29. exf6+ Kxf6 30. Rd3 h5 31. g3 g4 32. c5 Kf7 33. f4 Nh8 34.
Rf1 Ng6 35. f5 exf5+ 36. Kxf5 Kg7 37. Kg5 Rh8 38. Rd2 Rf7 39. Rxf7+ Kxf7 40.
Rf2+ Kg7 41. Rf6 1-0

[Event "AUTO-OPEN-887"]
[Site "http://www.queenalice.com/game.php?id=524737"]
[Date "2009.1.18"]
[Round "3"]
[White "Vampyr"]
[Black "Ikki_de_Fenix"]
[Result "0-1"]
[WhiteElo "2062"]
[BlackElo "2475"]

1. e4 c5 2. Nf3 Nc6 3. d4 cxd4 4. Nxd4 Nf6 5. Nc3 d6 6. Bg5 a6 7. Qd2 e6 8.
O-O-O h6 9. Be3 Be7 10. f3 Nxd4 11. Bxd4 b5 12. Kb1 O-O 13. h4 Nd7 14. h5 b4 15.
Ne2 a5 16. g4 Ne5 17. Bxe5 dxe5 18. Nc1 Qc7 19. Bb5 Qb6 20. Ba4 Rd8 21. Qe2 Ba6
22. Qg2 Bg5 23. Nb3 Rxd1+ 24. Rxd1 Rd8 25. Qg1 Rxd1+ 26. Qxd1 Be2 0-1

[Event "AUTO-OPEN-887"]
[Site "http://www.queenalice.com/game.php?id=524738"]
[Date "2009.1.18"]
[Round "3"]
[White "Ikki_de_Fenix"]
[Black "Vampyr"]
[Result "1-0"]
[WhiteElo "2475"]
[BlackElo "2060"]

1. e4 c5 2. Nf3 d6 3. d4 cxd4 4. Nxd4 Nf6 5. Nc3 a6 6. Be2 e5 7. Nb3 Be7 8. O-O
O-O 9. Qd3 Nc6 10. Nd5 Be6 11. c3 Bxd5 12. exd5 Na5 13. Nd2 b5 14. a4 Qb6 15.
axb5 axb5 16. b4 Nc4 17. Rxa8 Rxa8 18. Nxc4 bxc4 19. Qxc4 Qb7 20. Qc6 Qc8 21.
Qxc8+ Rxc8 22. c4 Ne4 23. Re1 f5 24. Bd3 Nf6 25. Be3 e4 26. Be2 Nd7 27. g4 g6
28. gxf5 gxf5 29. Ra1 Rc7 30. Ra6 Ne5 31. c5 dxc5 32. Bf4 cxb4 33. Bxe5 Rd7 34.
Bb5 1-0

[Event "AUTO-OPEN-1187"]
[Site "http://www.queenalice.com/game.php?id=577247"]
[Date "2009.4.25"]
[Round "3"]
[White "m"]
[Black "Vampyr"]
[Result "1-0"]
[WhiteElo "1954"]
[BlackElo "2039"]

1. e4 c5 2. f4 e6 3. Nf3 Nc6 4. d3 b6 5. Be2 Nf6 6. O-O Be7 7. e5 Nd5 8. c4 Nc7
9. Be3 Bb7 10. Nbd2 d5 11. exd6 Qxd6 12. Ne4 Qd7 13. a3 Rd8 14. Ne5 Nxe5 15.
fxe5 Bxe4 16. dxe4 Qxd1 17. Raxd1 O-O 18. h3 Rxd1 19. Rxd1 Rd8 20. Kf2 Kf8 21.
Rxd8+ Bxd8 22. b4 1-0

[Event "AUTO-OPEN-1187"]
[Site "http://www.queenalice.com/game.php?id=577248"]
[Date "2009.4.25"]
[Round "3"]
[White "Vampyr"]
[Black "m"]
[Result "0-1"]
[WhiteElo "2058"]
[BlackElo "1972"]

1. e4 c5 2. Nf3 d6 3. d4 cxd4 4. Nxd4 a6 5. Nc3 e5 6. Nb3 Nf6 7. Bg5 Be7 8. f3
Be6 9. Qd2 Nbd7 10. O-O-O b5 11. h4 Rc8 0-1